Normal view
MARC view
- ZUBAIR SAJID
Entry Personal Name
001 - CONTROL NUMBER
- control field: 70241
003 - CONTROL NUMBER IDENTIFIER
- control field: NUST
005 - DATE AND TIME OF LATEST TRANSACTION
- control field: 20210628204416.0
008 - FIXED-LENGTH DATA ELEMENTS
- fixed length control field: 210628|| aca||aabn | a|a d
040 ## - CATALOGING SOURCE
- Original cataloging agency: NUST
- Transcribing agency: NUST
100 ## - HEADING--PERSONAL NAME
- Personal name: ZUBAIR SAJID
670 ## - SOURCE DATA FOUND
- Source citation: Work cat.: (NUST): ZUBAIR SAJID, TH-SOF-1117-Shape Memory Effect of SMAs for Combined Axial Torsion Movements, 2015
